| 000 | 00549nam a22002057a 4500 | ||
|---|---|---|---|
| 005 | 20210423062410.0 | ||
| 008 | 210219b1998 ||||| |||| 00| 0 eng d | ||
| 020 | _a0536017484 | ||
| 040 | _cDLC | ||
| 041 | _aeng | ||
| 080 |
_a005 _bS-53 |
||
| 100 |
_91000 _aSapiro.Alan C |
||
| 245 | _aFoundations of multinational financial management | ||
| 250 | _acustom edition | ||
| 260 |
_aNew Jersey _bPearson custom publishing _c1998 |
||
| 300 | _a189 p.: | ||
| 650 | 0 |
_9324 _aManagement |
|
| 653 | _aმენეჯმენტი | ||
| 942 |
_2udc _cBK |
||
| 999 |
_c1569 _d1569 |
||